000 00792nam a22002777a 4500
001 BR2014001477
003 BR-BrBNA
005 20230928104428.0
007 ta
008 230509b bl.||||| |||| 00| 0 por d
040 _aBR-BrBNA
_bpor
_cBiblioteca Nacional de Agricultura
041 _a(Eng)
072 _aP06
090 _ P06 BR2014001477
100 1 _aWrobel, P.
110 1 _aEmbaixada do Brasil em Londres, London (United Kingdom)
_93505
245 1 _aClean energy the brazilian ethanol experience
260 3 _aLondon (United Kingdom):
_c2006.
300 _a72 p.
500 _aSummary (Eng); 9 illus.; 5 graphs.; 9 tables
650 _aETANOL
650 _aPRODUÇÃO
650 _aDESENVOLVIMENTO ECONÔMICO
909 _a202309
_bLucia
_c55
_dLucia Elande
942 _cBK
999 _c79861
_d79861